Rozpoznaj województwo po kształcie - Statystyki

Ogólne statystyki
  • Ten quiz został rozwiązany 92 razy
  • Średni wynik to 14 z 16
Statystyki odpowiedzi
Obrazkowy Odpowiedź % Poprawnych
Pomorskie
96%
Mazowieckie
94%
Podkarpackie
94%
Dolnośląskie
93%
Śląśkie
93%
Lubuskie
91%
Podlaskie
91%
Kujawsko-pomorskie
90%
Małopolskie
90%
Opolskie
90%
Warmińsko-mazurskie
90%
Zachodniopomorskie
90%
Lubelskie
88%
Świętokrzyskie
88%
Łodzkie
85%
Wielkopolskie
85%
Nie znaleziono quizów pasujących do podanych kryteriów
Rozkład punktacji
Procent ludzi z każdym wynikiem
Percentyl według liczby udzielonych odpowiedzi
Twoja historia wyników
Nie rozwiązałeś tego quizu